Yougoslavie : fresques medievales /

محفوظ في:

مؤلفون مشاركون: New York Graphic Society., Unesco.

مؤلفون آخرون: Rice, David Talbot, 1903-1972., Radojčić, Svetozar.

التنسيق: كتاب

اللغة: French

منشور في: Paris : Braun & Cie, 1955.

سلاسل: Collection UNESCO de l'art mondiale.

الموضوعات:

الوسوم: إضافة وسم

لا توجد وسوم, كن أول من يضع وسما على هذه التسجيلة!

رقم الطلب: (O.S.)ND2812 .Y8 R5 1955

LEADER 00959nam a22002657a 4500
003 OSt
005 20251230093635.0
008 251230t1955 fr af 000 0 fre
040 |c ARCE Library 
050 1 4 |a (O.S.)ND2812 .Y8  |b R5 1955 
245 0 0 |a Yougoslavie :   |b fresques medievales /   |c preface, David Talbot Rice ; introduction, Svetozar Radoicić. 
264 1 |a Paris :   |b Braun & Cie,   |c 1955. 
300 |a 29, [4] p., 32 leaves of plates :   |b color illustrations ;   |c 48 cm. 
490 0 |a Collection UNESCO de l'art mondiale. 
500 |a "Publie par la New York Graphic Society en accord avec L'Unesco." 
650 0 |a Mural painting and decoration. 
650 0 |a Mural painting and decoration   |z Yugoslavia. 
651 0 |a Yugoslavia   |x Antiquities. 
700 1 |a Rice, David Talbot,   |d 1903-1972. 
700 1 |a Radojčić, Svetozar. 
710 2 |a New York Graphic Society. 
710 2 |a Unesco. 
901 |a reviewed 
942 |2 lcc  |c BK 
999 |c 58196  |d 58196